| 000 | 02314nam0a2200349 4500 | ||
|---|---|---|---|
| 001 | RU\NLR\BIBL_A\022329475 | ||
| 005 | 20241102120203.0 | ||
| 010 |
_a978-5-6050656-5-4 _9300 |
||
| 021 |
_aRU _bКН-П-24-046492 _9КН-П-24-4624 |
||
| 035 | _a(NLR Aleph) 022329475 | ||
| 090 |
_a13257652 _c13257652 |
||
| 100 | _a20240923d2024 u y0rusy50 ca | ||
| 101 | 0 | _arus | |
| 102 | _aRU | ||
| 105 | _aa j 000yy | ||
| 181 | 0 |
_ai3 _baxxe |
|
| 182 | 0 | _an | |
| 200 | 1 |
_aЛучевая диагностика аномальных скоплений жидкости в плевральной полости _eучебное пособие _eдля обучающихся по направлениям: врачи-рентгенологи, торакальные хирурги _fЕсипов А. В., Ахиев М. И., Бадуров Б. Ш. _gФГБУ "НМИЦ ВМТ им. А. А. Вишневского" МО РФ, Филиал Военно-медицинской академии им. С. М. Кирова МО РФ |
|
| 203 |
_aТекст _bвизуальный _cнепосредственный |
||
| 210 |
_aМосква _cИзд-во ФГБУ "НМИЦ ВМТ им. А. А. Вишневского" _d2024 |
||
| 215 |
_a40 с. _cил., табл. _d21 |
||
| 300 | _aНа 2-й с. обл. авт.: Есипов А. В., врач высшей категории, д-р мед. наук, ген.-майор мед. службы, Ахиев М. И., врач высшей категории, канд. мед. наук, Бадуров Б. Ш., хирург, врач высшей категории, д-р мед. наук | ||
| 320 | _aБиблиогр.: с. 32-34 (31 назв.) | ||
| 606 | 1 |
_aПлевральные экссудаты _jУчебные издания для повышения квалификации _xЛучевая диагностика _92647375 _3RU\NLR\AUTH\6601746593 |
|
| 686 | 1 | _aР412.401.11-43я77 | |
| 700 | 1 |
_7ca _8rus _aЕсипов _bА. В. _f1967- _gАлександр Владимирович _9189537 _3RU\NLR\AUTH\770189588 |
|
| 701 | 1 |
_aАхиев _bМ. И. _gМагомед Исамудинович |
|
| 701 | 1 |
_aБадуров _bБ. Ш. _gБекир Шакирович |
|
| 942 | _cBOOK | ||
| 980 | _aNB | ||